[Event "Corsica Masters KO"]
[Site "Bastia FRA"]
[Date "2004.11.02"]
[Round "1.1"]
[White "Zhang Pengxiang"]
[Black "Shirov,A"]
[Result "1-0"]
[WhiteElo "2519"]
[BlackElo "2726"]
[EventDate "2004.11.02"]

1. e4 c5 2. Nf3 Nc6 3. d4 cxd4 4. Nxd4 Nf6 5. Nc3 e5 6. Ndb5 d6 7. Bg5 a6
8. Na3 b5 9. Nd5 Be7 10. Nxe7 Nxe7 11. Bxf6 gxf6 12. c4 bxc4 13. Nxc4 d5
14. exd5 Nxd5 15. Qa4+ Bd7 16. Qa3 Qe7 17. Nd6+ Kf8 18. Bc4 Nf4 19. g3 Bc6
20. Rf1 Ng2+ 21. Ke2 Nf4+ 22. Ke1 Ng2+ 23. Ke2 Nf4+ 24. gxf4 exf4+ 25. Kd2
Rd8 26. Kc2 Qxd6 27. Qxd6+ Rxd6 28. Rad1 Be4+ 29. Kc3 Rc6 30. Rd8+ Kg7 31.
Rg1+ Bg6 32. Rxh8 Kxh8 33. Rg4 Bb1 34. a4 f3 35. Rf4 Kg7 36. Rxf3 f5 37.
Kd4 Kf6 38. b4 Be4 39. Rh3 Rd6+ 40. Kc3 Rc6 41. Rh6+ Ke7 42. Rxc6 Bxc6 43.
a5 Bb7 44. Kd4 Kd6 45. Bxf7 f4 46. Bc4 h6 47. h4 Bc8 48. Ke4 1-0